Quick Pick: 'G' Food Quiz Stats

 Plays Quiz Updated Jun 13, 2018

Challenge
Share
Tweet
Embed
Score 0/15 Timer 01:00
0 Plays Today
% Correct
guacamole
97.5%
goulash
96.8%
gnocchi
96.2%
gazpacho
95.8%
guava
95.7%
gorgonzola
94.9%
gumbo
93.8%
ginseng
91.3%
% Correct
grits
90.1%
gherkin
88.5%
gruyère
85.5%
gyro
83.2%
grouse
74.3%
ghee
68.3%
gravlax
48.3%

Today's Daily Dose

Missing Word
US Newspapers

Word Ladder
Shawn Mendes

On This Day
October 18th II

You're not logged in!

Compare scores with friends on all Sporcle quizzes.
Join for Free
OR
Log In

You Might Also Like...

Show Comments

Extras

Top Quizzes Today


Score Distribution

Your Account Isn't Verified!

In order to create a playlist on Sporcle, you need to verify the email address you used during registration. Go to your Sporcle Settings to finish the process.

Report this User

Report this user for behavior that violates our Community Guidelines.

Details: